| 000 | 00705nam a22002537a 4500 | ||
|---|---|---|---|
| 005 | 20190220190846.0 | ||
| 008 | 150303b xxu||||| |||| 00| 0 ES d | ||
| 020 | _a9789506417833 | ||
| 041 | _aspa | ||
| 082 | _a158.1 A469d | ||
| 100 |
_aAlles, Martha Alicia _94729 |
||
| 245 | _a12 pasos para conciliar vida profesional y personal: desde la mirada individual | ||
| 260 | _aArgentina | ||
| 260 | _bGranica | ||
| 260 | _c2013 | ||
| 300 | _a320 páginas | ||
| 650 |
_aAUTOAYUDA _95512 |
||
| 650 |
_aVIDA PROFESIONAL _9511 |
||
| 650 |
_aSUPERACIÓN PERSONAL _92235 |
||
| 650 |
_aVALORES _932 |
||
| 650 |
_aINTERESES PERSONALES _929961 |
||
| 650 |
_aSATISFACCIÓN PROFESIONAL _929962 |
||
| 942 | _cBK | ||
| 999 |
_c3553 _d3553 |
||